000 00933nam a2200289Ia 4500
001 Para_785
003 CHAP
008 220125s1993 xx 000 0 und d
010 _a199492
040 _cCHAP
090 _aPA TESIS 757
100 _aRebollar Albiter, Angel
_9164704
245 _aEvaluación in vitro del efecto de fungicidas sobre el hongo entomopatógeno Verticillium lecanii (Zimm) Viegas /
_c por Angel Rebollar Alviter
260 _aChapingo, Méx. :
_b El autor
300 _a63 h.
502 _aTesis (Ing. Agr. Esp. en Parasitología Agrícola) -- UACh. Depto. Parasitología
650 _aFungicidas
_944044
650 _aHongos
_956084
710 _aUACh. Departamento Parasitología Agrícola
_9164025
901 _aPA TESIS 757
902 _aA
905 _a0000001993 0000000000 00
910 _a1993
942 _cPARA
942 _cPARA
_d1
999 _c199492
_d199492